[Event "DVM U16 2023"]
[Site "Magdeburg GER"]
[Date "2023.12.30"]
[Round "7"]
[White "Goldkuhle, Collin"]
[Black "Tomasjan, Samuel"]
[Result "0-1"]
[Termination "normal"]
[Board "3.3"]
[WhiteElo "1715"]
[BlackElo "1955"]
[WhiteClock "00:48:00"]
[BlackClock "01:09:53"]
[WhiteTeam "SF Essen-Katernberg 04/32"]
[BlackTeam "SF Brackel 1930"]
[PlyCount "31"]
[WhiteFideId "16271106"]
[BlackFideId "16235584"]
[EventCountry "GER"]
[EventRounds "7"]
[EventType "team-swiss"]
[EventDate "2023.12.26"]

1. c4 {[%clk 01:28:14]} {[%emt 00:02:46]} e6 {[%clk 01:30:47]} {[%emt
00:00:13]} 2. g3 {[%clk 01:28:13]} {[%emt 00:00:31]} d5 {[%clk 01:31:05]}
{[%emt 00:00:12]} 3. Bg2 {[%clk 01:28:20]} {[%emt 00:00:23]} Nf6 {[%clk
01:31:06]} {[%emt 00:00:30]} 4. d4 {[%clk 01:27:59]} {[%emt 00:00:51]} Be7
{[%clk 01:29:15]} {[%emt 00:02:20]} 5. Nc3 {[%clk 01:28:01]} {[%emt 00:00:28]}
O-O {[%clk 01:28:29]} {[%emt 00:01:16]} 6. Nf3 {[%clk 01:27:05]} {[%emt
00:01:26]} dxc4 {[%clk 01:26:53]} {[%emt 00:02:06]} 7. Qa4 {[%clk 01:26:21]}
{[%emt 00:01:15]} a6 {[%clk 01:27:01]} {[%emt 00:00:22]} 8. Qxc4 {[%clk
01:26:04]} {[%emt 00:00:46]} b5 {[%clk 01:27:13]} {[%emt 00:00:18]} 9. Qd3
{[%clk 01:26:01]} {[%emt 00:00:32]} Bb7 {[%clk 01:27:21]} {[%emt 00:00:23]} 10.
O-O {[%clk 01:25:36]} {[%emt 00:00:55]} Nbd7 {[%clk 01:26:55]} {[%emt
00:00:56]} 11. a3 {[%clk 01:18:16]} {[%emt 00:07:50]} c5 {[%clk 01:25:15]}
{[%emt 00:02:10]} 12. Rd1 {[%clk 01:12:19]} {[%emt 00:06:27]} Qb6 {[%clk
01:20:59]} {[%emt 00:04:46]} 13. e3 {[%clk 01:02:48]} {[%emt 00:10:01]} Rfd8
{[%clk 01:19:22]} {[%emt 00:02:07]} 14. Qf1 {[%clk 00:57:29]} {[%emt 00:05:49]}
Rac8 {[%clk 01:16:33]} {[%emt 00:03:19]} 15. Ne2 {[%clk 00:48:30]} {[%emt
00:09:30]} c4 {[%clk 01:09:53]} {[%emt 00:07:09]} 16. Bd2 {[%clk 00:48:00]}
{[%emt 00:01:00]} 0-1

[Event "DVM U16 2023"]
[Site "Magdeburg GER"]
[Date "2023.12.30"]
[Round "7"]
[White "Kasapchuk, Oleksandr Jr."]
[Black "Lüersen, Lukas"]
[Result "1-0"]
[Termination "normal"]
[Board "3.4"]
[WhiteElo "1773"]
[BlackElo "1677"]
[WhiteClock "01:14:44"]
[BlackClock "00:52:29"]
[WhiteTeam "SF Brackel 1930"]
[BlackTeam "SF Essen-Katernberg 04/32"]
[PlyCount "29"]
[WhiteFideId "14197596"]
[BlackFideId "34628371"]
[EventCountry "GER"]
[EventRounds "7"]
[EventType "team-swiss"]
[EventDate "2023.12.26"]

1. e4 {[%clk 01:30:58]} {[%emt 00:00:02]} c5 {[%clk 01:30:11]} {[%emt
00:00:49]} 2. Nf3 {[%clk 01:31:21]} {[%emt 00:00:06]} Nc6 {[%clk 01:30:27]}
{[%emt 00:00:15]} 3. d4 {[%clk 01:31:46]} {[%emt 00:00:05]} cxd4 {[%clk
01:30:34]} {[%emt 00:00:23]} 4. Nxd4 {[%clk 01:32:14]} {[%emt 00:00:02]} e5
{[%clk 01:30:16]} {[%emt 00:00:47]} 5. Nb5 {[%clk 01:32:40]} {[%emt 00:00:04]}
d6 {[%clk 01:30:15]} {[%emt 00:00:31]} 6. N1c3 {[%clk 01:33:05]} {[%emt
00:00:06]} a6 {[%clk 01:29:57]} {[%emt 00:00:47]} 7. Na3 {[%clk 01:33:34]}
{[%emt 00:00:02]} Be7 {[%clk 01:30:11]} {[%emt 00:00:15]} 8. Nc4 {[%clk
01:30:38]} {[%emt 00:03:27]} b5 {[%clk 01:30:00]} {[%emt 00:00:41]} 9. Ne3
{[%clk 01:31:01]} {[%emt 00:00:06]} Nf6 {[%clk 01:29:04]} {[%emt 00:01:27]} 10.
g3 {[%clk 01:25:16]} {[%emt 00:06:15]} h5 {[%clk 01:29:19]} {[%emt 00:00:15]}
11. Bg2 {[%clk 01:23:27]} {[%emt 00:02:19]} h4 {[%clk 01:28:18]} {[%emt
00:01:30]} 12. O-O {[%clk 01:21:08]} {[%emt 00:02:50]} h3 {[%clk 01:18:51]}
{[%emt 00:09:57]} 13. Bh1 {[%clk 01:21:32]} {[%emt 00:00:06]} O-O {[%clk
01:14:39]} {[%emt 00:04:42]} 14. b3 {[%clk 01:15:23]} {[%emt 00:06:38]} Nd4
{[%clk 00:52:29]} {[%emt 00:22:39]} 15. Bb2 {[%clk 01:14:44]} {[%emt 00:01:10]}
1-0

[Event "DVM U16 2023"]
[Site "Magdeburg GER"]
[Date "2023.12.30"]
[Round "7"]
[White "Beyer, Lorenz"]
[Black "Semling, Johannes"]
[Result "1/2-1/2"]
[Termination "normal"]
[Board "4.1"]
[WhiteElo "2109"]
[BlackElo "2147"]
[WhiteClock "00:59:02"]
[BlackClock "00:55:42"]
[WhiteTeam "Barnimer SF im SV Stahl Finow"]
[BlackTeam "OSG Baden-Baden"]
[PlyCount "37"]
[WhiteFideId "16245393"]
[BlackFideId "16290151"]
[EventCountry "GER"]
[EventRounds "7"]
[EventType "team-swiss"]
[EventDate "2023.12.26"]

1. d4 {[%clk 01:30:15]} {[%emt 00:00:44]} Nf6 {[%clk 01:30:50]} {[%emt
00:00:11]} 2. Bf4 {[%clk 01:30:33]} {[%emt 00:00:11]} d5 {[%clk 01:30:54]}
{[%emt 00:00:26]} 3. e3 {[%clk 01:31:00]} {[%emt 00:00:04]} e6 {[%clk
01:30:46]} {[%emt 00:00:37]} 4. Nf3 {[%clk 01:30:55]} {[%emt 00:00:35]} Bd6
{[%clk 01:30:47]} {[%emt 00:00:29]} 5. Bxd6 {[%clk 01:25:15]} {[%emt 00:06:11]}
Qxd6 {[%clk 01:31:06]} {[%emt 00:00:10]} 6. Nbd2 {[%clk 01:20:21]} {[%emt
00:05:24]} O-O {[%clk 01:29:11]} {[%emt 00:02:24]} 7. c4 {[%clk 01:20:13]}
{[%emt 00:00:39]} b6 {[%clk 01:27:05]} {[%emt 00:02:36]} 8. cxd5 {[%clk
01:19:47]} {[%emt 00:00:56]} exd5 {[%clk 01:26:26]} {[%emt 00:01:09]} 9. Bd3
{[%clk 01:19:52]} {[%emt 00:00:25]} c5 {[%clk 01:22:58]} {[%emt 00:03:59]} 10.
O-O {[%clk 01:18:40]} {[%emt 00:01:42]} Bb7 {[%clk 01:17:44]} {[%emt 00:05:44]}
11. Rc1 {[%clk 01:12:20]} {[%emt 00:06:50]} Nbd7 {[%clk 01:05:56]} {[%emt
00:12:18]} 12. Bb1 {[%clk 01:06:19]} {[%emt 00:06:32]} Rfc8 {[%clk 00:57:50]}
{[%emt 00:08:34]} 13. b3 {[%clk 00:59:02]} {[%emt 00:07:48]} a5 {[%clk
00:55:42]} {[%emt 00:02:38]} 14. Re1 g6 {[%clk 00:55:42]} 15. h3 Re8 {[%clk
00:55:42]} 16. Bd3 Rac8 {[%clk 00:55:42]} 17. Nb1 Qb8 {[%clk 00:55:42]} 18. Bb5
Re7 {[%clk 00:55:42]} 19. Nc3 1/2-1/2

[Event "DVM U16 2023"]
[Site "Magdeburg GER"]
[Date "2023.12.30"]
[Round "7"]
[White "Semling, Julius"]
[Black "Hoffmann, Kay"]
[Result "1-0"]
[Termination "normal"]
[Board "4.2"]
[WhiteElo "2085"]
[BlackElo "2088"]
[WhiteClock "01:01:48"]
[BlackClock "01:06:54"]
[WhiteTeam "OSG Baden-Baden"]
[BlackTeam "Barnimer SF im SV Stahl Finow"]
[PlyCount "37"]
[WhiteFideId "16290160"]
[BlackFideId "16227000"]
[EventCountry "GER"]
[EventRounds "7"]
[EventType "team-swiss"]
[EventDate "2023.12.26"]

1. e4 {[%clk 01:30:59]} {[%emt 12:22:38]} e5 {[%clk 01:30:47]} {[%emt
00:00:14]} 2. Bc4 {[%clk 01:31:18]} {[%emt 00:00:11]} Nf6 {[%clk 01:29:57]}
{[%emt 00:01:20]} 3. d3 {[%clk 01:31:40]} {[%emt 00:00:07]} c6 {[%clk
01:29:22]} {[%emt 00:01:05]} 4. Nf3 {[%clk 01:31:54]} {[%emt 00:00:16]} d5
{[%clk 01:29:04]} {[%emt 00:00:48]} 5. Bb3 {[%clk 01:32:13]} {[%emt 00:00:11]}
Bg4 {[%clk 01:27:59]} {[%emt 00:01:36]} 6. h3 {[%clk 01:31:50]} {[%emt
00:00:52]} Bxf3 {[%clk 01:25:21]} {[%emt 00:03:08]} 7. Qxf3 {[%clk 01:32:19]}
{[%emt 00:00:02]} Be7 {[%clk 01:25:23]} {[%emt 00:00:28]} 8. O-O {[%clk
01:30:24]} {[%emt 00:02:23]} O-O {[%clk 01:24:36]} {[%emt 00:01:18]} 9. Nc3
{[%clk 01:25:49]} {[%emt 00:05:05]} dxe4 {[%clk 01:24:33]} {[%emt 00:00:33]}
10. Nxe4 {[%clk 01:25:37]} {[%emt 00:00:43]} Nbd7 {[%clk 01:24:03]} {[%emt
00:01:00]} 11. Nxf6+ {[%clk 01:24:28]} {[%emt 00:01:39]} Bxf6 {[%clk 01:22:38]}
{[%emt 00:01:55]} 12. Be3 {[%clk 01:22:53]} {[%emt 00:02:04]} Qc7 {[%clk
01:21:54]} {[%emt 00:01:15]} 13. Qg3 {[%clk 01:21:38]} {[%emt 00:01:45]} Rad8
{[%clk 01:13:21]} {[%emt 00:09:03]} 14. Rae1 {[%clk 01:18:33]} {[%emt
00:03:34]} Nb6 {[%clk 01:11:15]} {[%emt 00:02:38]} 15. h4 {[%clk 01:14:40]}
{[%emt 00:04:22]} Nd5 {[%clk 01:09:27]} {[%emt 00:02:18]} 16. Bd2 {[%clk
01:11:56]} {[%emt 00:03:13]} Nf4 {[%clk 01:07:57]} {[%emt 00:02:01]} 17. Re4
{[%clk 01:10:02]} {[%emt 00:02:21]} Rd4 {[%clk 01:07:32]} {[%emt 00:00:59]} 18.
Rfe1 {[%clk 01:09:41]} {[%emt 00:00:52]} Rfd8 {[%clk 01:06:54]} {[%emt
00:01:07]} 19. Rxd4 {[%clk 01:01:48]} {[%emt 00:08:24]} 1-0

[Event "DVM U16 2023"]
[Site "Magdeburg GER"]
[Date "2023.12.30"]
[Round "7"]
[White "Studzinski, Bruno"]
[Black "Uhlmann, Tim"]
[Result "0-1"]
[Termination "normal"]
[Board "4.3"]
[WhiteElo "1576"]
[BlackElo "1934"]
[WhiteClock "00:34:34"]
[BlackClock "01:21:49"]
[WhiteTeam "Barnimer SF im SV Stahl Finow"]
[BlackTeam "OSG Baden-Baden"]
[PlyCount "57"]
[WhiteFideId "16296478"]
[BlackFideId "16239210"]
[EventCountry "GER"]
[EventRounds "7"]
[EventType "team-swiss"]
[EventDate "2023.12.26"]

1. d4 {[%clk 01:30:17]} {[%emt 00:00:42]} d5 {[%clk 01:30:57]} {[%emt
00:00:04]} 2. Bf4 {[%clk 01:30:35]} {[%emt 00:00:12]} Nf6 {[%clk 01:31:19]}
{[%emt 00:00:08]} 3. e3 {[%clk 01:30:00]} {[%emt 00:01:05]} e6 {[%clk
01:31:38]} {[%emt 00:00:11]} 4. Nf3 {[%clk 01:30:23]} {[%emt 00:00:08]} c5
{[%clk 01:32:01]} {[%emt 00:00:06]} 5. c3 {[%clk 01:30:48]} {[%emt 00:00:06]}
Nc6 {[%clk 01:32:26]} {[%emt 00:00:05]} 6. Nbd2 {[%clk 01:30:30]} {[%emt
00:00:48]} cxd4 {[%clk 01:32:43]} {[%emt 00:00:13]} 7. exd4 {[%clk 01:30:47]}
{[%emt 00:00:13]} Nh5 {[%clk 01:32:38]} {[%emt 00:00:35]} 8. Be3 {[%clk
01:18:24]} {[%emt 00:12:53]} Bd6 {[%clk 01:31:43]} {[%emt 00:01:25]} 9. Bd3
{[%clk 01:18:09]} {[%emt 00:00:44]} Nf4 {[%clk 01:31:50]} {[%emt 00:00:24]} 10.
Bxf4 {[%clk 01:17:37]} {[%emt 00:01:02]} Bxf4 {[%clk 01:32:14]} {[%emt
00:00:06]} 11. Qe2 {[%clk 00:56:43]} {[%emt 00:21:24]} Qc7 {[%clk 01:30:17]}
{[%emt 00:02:26]} 12. g3 {[%clk 00:47:00]} {[%emt 00:10:15]} Bd6 {[%clk
01:30:28]} {[%emt 00:00:18]} 13. Nf1 {[%clk 00:39:55]} {[%emt 00:07:35]} O-O
{[%clk 01:21:46]} {[%emt 00:09:12]} 14. Ne3 {[%clk 00:34:25]} {[%emt 00:06:00]}
f6 {[%clk 01:21:49]} {[%emt 00:00:26]} 15. O-O {[%clk 00:34:34]} {[%emt
00:00:22]} Ne7 16. Rad1 {[%clk 00:34:34]} Kh8 17. Bb1 {[%clk 00:34:34]} b6 18.
Rfe1 {[%clk 00:34:34]} Bd7 19. Nh4 {[%clk 00:34:34]} g6 20. f4 {[%clk
00:34:34]} Rae8 21. Qd3 {[%clk 00:34:34]} b5 22. Nhg2 {[%clk 00:34:34]} Nc8 23.
h4 {[%clk 00:34:34]} Nb6 24. h5 {[%clk 00:34:34]} f5 25. hxg6 {[%clk 00:34:34]}
hxg6 26. Nh4 {[%clk 00:34:34]} Kg7 27. Kg2 {[%clk 00:34:34]} Nc4 28. Nxc4
{[%clk 00:34:34]} dxc4 29. Nf3 {[%clk 00:34:34]} cxd3 0-1

[Event "DVM U16 2023"]
[Site "Magdeburg GER"]
[Date "2023.12.30"]
[Round "7"]
[White "Neves, Carlos"]
[Black "Beduschi, Ben"]
[Result "1-0"]
[Termination "normal"]
[Board "4.4"]
[WhiteElo "1721"]
[BlackElo "1638"]
[WhiteClock "01:01:09"]
[BlackClock "00:59:33"]
[WhiteTeam "OSG Baden-Baden"]
[BlackTeam "Barnimer SF im SV Stahl Finow"]
[PlyCount "27"]
[WhiteFideId "16258320"]
[BlackFideId "16273443"]
[EventCountry "GER"]
[EventRounds "7"]
[EventType "team-swiss"]
[EventDate "2023.12.26"]

1. d4 {[%clk 01:30:59]} Nf6 {[%clk 01:28:56]} {[%emt 00:02:04]} 2. c4 {[%clk
01:31:19]} {[%emt 00:00:10]} e6 {[%clk 01:29:21]} {[%emt 00:00:05]} 3. g3
{[%clk 01:31:38]} {[%emt 00:00:11]} d5 {[%clk 01:29:46]} {[%emt 00:00:05]} 4.
Bg2 {[%clk 01:32:01]} {[%emt 00:00:07]} c6 {[%clk 01:30:01]} {[%emt 00:00:16]}
5. Nf3 {[%clk 01:32:19]} {[%emt 00:00:11]} dxc4 {[%clk 01:24:59]} {[%emt
00:05:32]} 6. Ne5 {[%clk 01:31:48]} {[%emt 00:01:01]} Bb4+ {[%clk 01:25:19]}
{[%emt 00:00:10]} 7. Bd2 {[%clk 01:32:07]} {[%emt 00:00:11]} Be7 {[%clk
01:25:44]} {[%emt 00:00:05]} 8. e3 {[%clk 01:27:31]} {[%emt 00:05:07]} O-O
{[%clk 01:20:28]} {[%emt 00:05:46]} 9. O-O {[%clk 01:26:50]} {[%emt 00:01:11]}
a5 {[%clk 01:18:19]} {[%emt 00:02:39]} 10. Qc2 {[%clk 01:24:28]} {[%emt
00:02:52]} Qc7 {[%clk 01:06:28]} {[%emt 00:12:21]} 11. Qxc4 {[%clk 01:20:50]}
{[%emt 00:04:08]} Nbd7 {[%clk 01:05:14]} {[%emt 00:01:43]} 12. Nxd7 {[%clk
01:09:05]} {[%emt 00:12:16]} Bxd7 {[%clk 01:04:35]} {[%emt 00:01:09]} 13. e4
{[%clk 01:08:50]} {[%emt 00:00:45]} Qb6 {[%clk 00:59:33]} {[%emt 00:05:32]} 14.
Bc3 {[%clk 01:01:09]} {[%emt 00:08:12]} 1-0

[Event "DVM U16 2023"]
[Site "Magdeburg GER"]
[Date "2023.12.30"]
[Round "7"]
[White "Reus, Nicholas"]
[Black "Gold, Jan Christian"]
[Result "0-1"]
[Termination "normal"]
[Board "5.1"]
[WhiteElo "1742"]
[BlackElo "1932"]
[WhiteClock "01:14:21"]
[BlackClock "00:47:15"]
[WhiteTeam "Stuttgarter SF 1879"]
[BlackTeam "SK Bad Homburg 1927"]
[PlyCount "58"]
[WhiteFideId "34612424"]
[BlackFideId "16298128"]
[EventCountry "GER"]
[EventRounds "7"]
[EventType "team-swiss"]
[EventDate "2023.12.26"]

1. c4 {[%clk 01:30:58]} {[%emt 00:00:02]} Nf6 {[%clk 01:29:54]} {[%emt
00:01:06]} 2. Nc3 {[%clk 01:29:35]} {[%emt 00:01:53]} e5 {[%clk 01:29:50]}
{[%emt 00:00:34]} 3. g3 {[%clk 01:29:56]} {[%emt 00:00:10]} Nc6 {[%clk
01:29:52]} {[%emt 00:00:28]} 4. Bg2 {[%clk 01:30:11]} {[%emt 00:00:14]} Bc5
{[%clk 01:29:38]} {[%emt 00:00:44]} 5. e3 {[%clk 01:30:28]} {[%emt 00:00:13]}
O-O {[%clk 01:29:48]} {[%emt 00:00:20]} 6. Nge2 {[%clk 01:30:50]} {[%emt
00:00:08]} d6 {[%clk 01:28:40]} {[%emt 00:01:38]} 7. O-O {[%clk 01:29:29]}
{[%emt 00:01:51]} Bf5 {[%clk 01:28:46]} {[%emt 00:00:25]} 8. d4 {[%clk
01:28:38]} {[%emt 00:01:21]} exd4 {[%clk 01:25:49]} {[%emt 00:03:28]} 9. exd4
{[%clk 01:28:54]} {[%emt 00:00:14]} Bb6 {[%clk 01:25:44]} {[%emt 00:00:35]} 10.
h3 {[%clk 01:25:45]} {[%emt 00:03:38]} Re8 {[%clk 01:24:42]} {[%emt 00:01:32]}
11. b3 {[%clk 01:23:23]} {[%emt 00:02:52]} Qc8 {[%clk 01:23:03]} {[%emt
00:02:09]} 12. Kh2 {[%clk 01:23:12]} {[%emt 00:00:41]} Nb4 {[%clk 01:20:35]}
{[%emt 00:02:57]} 13. Be3 {[%clk 01:21:45]} {[%emt 00:01:57]} Nc2 {[%clk
01:17:29]} {[%emt 00:03:37]} 14. Rc1 {[%clk 01:19:34]} {[%emt 00:02:41]} Rxe3
{[%clk 01:14:59]} {[%emt 00:03:00]} 15. Rxc2 {[%clk 01:16:18]} {[%emt
00:03:47]} Bxc2 {[%clk 01:13:00]} {[%emt 00:02:28]} 16. Qxc2 {[%clk 01:16:43]}
{[%emt 00:00:05]} Re7 {[%clk 01:12:07]} {[%emt 00:01:23]} 17. b4 {[%clk
01:16:48]} {[%emt 00:00:25]} c6 {[%clk 01:05:28]} {[%emt 00:07:09]} 18. g4
{[%clk 01:14:29]} {[%emt 00:02:50]} g6 {[%clk 00:47:15]} {[%emt 00:18:43]} 19.
Qd2 {[%clk 01:14:21]} {[%emt 00:00:37]} d5 20. Qg5 {[%clk 01:14:21]} Qe6 21. c5
{[%clk 01:14:21]} Bc7+ 22. f4 {[%clk 01:14:21]} Ne4 23. Nxe4 {[%clk 01:14:21]}
dxe4 24. Nc3 {[%clk 01:14:21]} f6 25. Qh4 {[%clk 01:14:21]} Qc4 26. Qe1 {[%clk
01:14:21]} Qxd4 27. Ne2 {[%clk 01:14:21]} Qe3 28. Qf2 {[%clk 01:14:21]} Qxf2
29. Rxf2 {[%clk 01:14:21]} Rd8 0-1

[Event "DVM U16 2023"]
[Site "Magdeburg GER"]
[Date "2023.12.30"]
[Round "7"]
[White "von Beckh, Frieda"]
[Black "Goldinov, Daniel"]
[Result "1/2-1/2"]
[Termination "normal"]
[Board "5.2"]
[WhiteElo "1656"]
[BlackElo "1762"]
[WhiteClock "01:05:11"]
[BlackClock "00:52:06"]
[WhiteTeam "SK Bad Homburg 1927"]
[BlackTeam "Stuttgarter SF 1879"]
[PlyCount "31"]
[WhiteFideId "16233751"]
[BlackFideId "34605649"]
[EventCountry "GER"]
[EventRounds "7"]
[EventType "team-swiss"]
[EventDate "2023.12.26"]

1. e4 {[%clk 01:30:58]} c5 {[%clk 01:30:58]} {[%emt 00:00:03]} 2. Nc3 {[%clk
01:31:19]} {[%emt 00:00:09]} e6 {[%clk 01:28:03]} {[%emt 00:03:26]} 3. f4
{[%clk 01:31:14]} {[%emt 00:00:34]} d5 {[%clk 01:27:33]} {[%emt 00:01:00]} 4.
Bb5+ {[%clk 01:27:04]} {[%emt 00:04:40]} Bd7 {[%clk 01:27:06]} {[%emt
00:00:55]} 5. Bxd7+ {[%clk 01:22:24]} {[%emt 00:05:11]} Qxd7 {[%clk 01:26:47]}
{[%emt 00:00:50]} 6. Nf3 {[%clk 01:21:58]} {[%emt 00:00:55]} Nc6 {[%clk
01:24:40]} {[%emt 00:02:38]} 7. O-O {[%clk 01:20:43]} {[%emt 00:01:44]} dxe4
{[%clk 01:19:02]} {[%emt 00:06:08]} 8. Nxe4 {[%clk 01:21:06]} {[%emt 00:00:07]}
Nf6 {[%clk 01:18:47]} {[%emt 00:00:45]} 9. Nxf6+ {[%clk 01:20:21]} {[%emt
00:01:15]} gxf6 {[%clk 01:18:45]} {[%emt 00:00:32]} 10. b3 {[%clk 01:18:51]}
{[%emt 00:02:00]} Nd4 {[%clk 01:17:25]} {[%emt 00:01:50]} 11. Bb2 {[%clk
01:18:33]} {[%emt 00:00:48]} O-O-O {[%clk 01:15:34]} {[%emt 00:02:21]} 12. d3
{[%clk 01:13:55]} {[%emt 00:05:07]} Qd5 {[%clk 01:08:01]} {[%emt 00:08:04]} 13.
b4 {[%clk 01:09:45]} {[%emt 00:04:39]} Rg8 {[%clk 01:04:12]} {[%emt 00:04:19]}
14. c4 {[%clk 01:08:33]} {[%emt 00:01:42]} Qf5 {[%clk 00:53:13]} {[%emt
00:11:30]} 15. Nxd4 {[%clk 01:06:15]} {[%emt 00:02:47]} cxd4 {[%clk 00:52:06]}
{[%emt 00:01:38]} 16. c5 {[%clk 01:05:11]} {[%emt 00:01:34]} 1/2-1/2

[Event "DVM U16 2023"]
[Site "Magdeburg GER"]
[Date "2023.12.30"]
[Round "7"]
[White "Nunez Grégoire, Daniel"]
[Black "Pichl, Christoph"]
[Result "1/2-1/2"]
[Termination "normal"]
[Board "5.3"]
[WhiteElo "1708"]
[BlackElo "1680"]
[WhiteClock "01:30:32"]
[BlackClock "00:47:15"]
[WhiteTeam "Stuttgarter SF 1879"]
[BlackTeam "SK Bad Homburg 1927"]
[PlyCount "50"]
[WhiteFideId "34627103"]
[BlackFideId "16249739"]
[EventCountry "GER"]
[EventRounds "7"]
[EventType "team-swiss"]
[EventDate "2023.12.26"]

1. c4 {[%clk 01:30:58]} {[%emt 00:00:01]} Nf6 {[%clk 01:30:55]} {[%emt
00:00:05]} 2. Nc3 {[%clk 01:31:19]} {[%emt 00:00:09]} e6 {[%clk 01:31:21]}
{[%emt 00:00:04]} 3. d4 {[%clk 01:31:44]} {[%emt 00:00:05]} d5 {[%clk
01:31:47]} {[%emt 00:00:05]} 4. Nf3 {[%clk 01:31:58]} {[%emt 00:00:16]} Be7
{[%clk 01:31:33]} {[%emt 00:00:44]} 5. Bg5 {[%clk 01:32:15]} {[%emt 00:00:13]}
h6 {[%clk 01:29:53]} {[%emt 00:02:11]} 6. Bh4 {[%clk 01:32:38]} {[%emt
00:00:06]} O-O {[%clk 01:30:18]} {[%emt 00:00:06]} 7. e3 {[%clk 01:33:03]}
{[%emt 00:00:04]} Nbd7 {[%clk 01:19:53]} {[%emt 00:10:56]} 8. Be2 {[%clk
01:33:09]} {[%emt 00:00:23]} c6 {[%clk 01:15:49]} {[%emt 00:04:34]} 9. O-O
{[%clk 01:32:48]} {[%emt 00:00:51]} Nh5 {[%clk 01:06:58]} {[%emt 00:09:22]} 10.
Bxe7 {[%clk 01:33:01]} {[%emt 00:00:17]} Qxe7 {[%clk 01:07:27]} {[%emt
00:00:01]} 11. Ne5 {[%clk 01:32:37]} {[%emt 00:00:53]} Nhf6 {[%clk 01:07:47]}
{[%emt 00:00:11]} 12. f4 {[%clk 01:32:38]} {[%emt 00:00:29]} Rd8 {[%clk
01:04:10]} {[%emt 00:04:07]} 13. c5 {[%clk 01:32:25]} {[%emt 00:00:43]} Nxe5
{[%clk 01:03:28]} {[%emt 00:01:12]} 14. fxe5 {[%clk 01:32:44]} {[%emt
00:00:10]} Nd7 {[%clk 01:03:12]} {[%emt 00:00:46]} 15. b4 {[%clk 01:32:25]}
{[%emt 00:00:48]} f6 {[%clk 01:02:49]} {[%emt 00:00:54]} 16. exf6 {[%clk
01:32:27]} {[%emt 00:00:28]} Nxf6 {[%clk 01:03:12]} {[%emt 00:00:08]} 17. b5
{[%clk 01:32:06]} {[%emt 00:00:51]} e5 {[%clk 00:57:22]} {[%emt 00:06:20]} 18.
Qd2 {[%clk 01:30:39]} {[%emt 00:01:56]} Bg4 {[%clk 00:46:46]} {[%emt 00:11:07]}
19. Bxg4 {[%clk 01:30:36]} {[%emt 00:00:32]} Nxg4 {[%clk 00:47:15]} 20. h3
{[%clk 01:30:32]} {[%emt 00:00:36]} exd4 21. exd4 {[%clk 01:30:32]} Qe3+ 22.
Qxe3 {[%clk 01:30:32]} Nxe3 23. Rf2 {[%clk 01:30:32]} Rf8 24. Re1 {[%clk
01:30:32]} Nf5 25. Rd2 {[%clk 01:30:32]} Rae8 26. Rxe8 Rxe8 27. g4 Nh4 28. Re2
Rxe2 29. Nxe2 g5 30. bxc6 bxc6 31. Kf2 Kf7 32. Nc1 Ng6 33. Ne2 Ke6 34. Ke3 Nh4
35. Kf2 Ng6 36. Kf3 1/2-1/2